000
00222 a2200097 4500
001
44488
100
_a
Binnie
245
_a
Technique & Principles of Auditing
260
_a
London
_b
Pitman & Sons
_c
090
_c
28199
_d
28199
942
_a
NUST-CAE
_c
M
_c
20223
999
_c
279561
_d
279561